| 000 | 00968nam0a22002651 4500 | ||
|---|---|---|---|
| 001 | rc\152737 | ||
| 005 | 20030307112649.9 | ||
| 010 |
_a5-7357-0003-0 _910000 |
||
| 035 | _a(NLR Aleph) 005420521 | ||
| 090 |
_a7470527 _c7470527 |
||
| 100 | _a20030307d1996 u |0rusy50 ca | ||
| 101 | 0 | _arus | |
| 102 | _aRU | ||
| 105 | _ay ||||||||| | ||
| 200 | 1 |
_aРоссийское административное право _eУчебник _fВ.М. Манохин, Ю.С. Адушкин, З.А. Багишаев |
|
| 210 |
_aМ. _cЮристъ _d1996 |
||
| 215 |
_a472 с. _d22 |
||
| 700 | 1 |
_aМанохин _bВ. М. _cд-р юрид. наук _f1923-2017 _gВасилий Михайлович _3RU\NLR\AUTH\773175 _4280 |
|
| 701 | 1 |
_aАдушкин _bЮ. С. _gЮрий Степанович |
|
| 701 | 1 |
_aБагишаев _bЗ. А. _gЗайнула Абдулович |
|
| 801 | 0 |
_aRU _bNLR _gpsbo |
|
| 801 | 1 |
_aRU _bELAR _2rusmarc |
|
| 852 |
_aNLR _j96-5/3641 |
||
| 942 | _cBOOK | ||
| 980 | _aNB | ||